[Event "FRA-chT2 South 0809"]
[Site "France"]
[Date "2008.11.22"]
[Round "2.6"]
[White "Valentin, Dominique"]
[Black "Mania, Clement"]
[Result "0-1"]
[WhiteElo "1957"]
[BlackElo "2011"]
[PlyCount "76"]
[EventDate "2008.10.12"]
[EventType "team-tourn"]
[EventRounds "11"]
[EventCountry "FRA"]
[SourceTitle "EXT 2010"]
[Source "ChessBase"]
[SourceDate "2010.11.25"]
[SourceVersion "1"]
[SourceVersionDate "2010.11.25"]
[SourceQuality "1"]
[WhiteTeam "Avignon"]
[BlackTeam "Saint Affrique"]
[WhiteTeamCountry "FRA"]
[BlackTeamCountry "FRA"]

1. e4 e5 2. Nf3 d5 3. d4 dxe4 4. Nxe5 Bd6 5. Nc3 Bxe5 6. dxe5 Qxd1+ 7. Kxd1 Bf5 8. Bf4 Nc6 9. Bc4 Nge7 10. Re1 Ng6 11. Bg3 Ngxe5 12. Bb5 0-0-0+ 13. Kc1 a6 14. Ba4 Rd4 15. Bb3 Re8 16. a3 Bg6 17. Kb1 f5 18. Ka2 Bf7 19. Rad1 Bxb3+ 20. Kxb3 Rxd1 21. Nxd1 Kd7 22. Ne3 Ke6 23. Kc3 g5 24. f4 exf3 25. Bxe5 Nxe5 26. gxf3 c6 27. Nc4 Kf6 28. Nd6 Re7 29. Rf1 Ke6 30. Nc8 Re8 31. Nb6 Kf6 32. f4 gxf4 33. Rxf4 Kg5 34. Rf2 Ng4 35. Rg2 f4 36. Nc4 f3 37. Rg3 f2 38. Rf3 Re1 0-1